| 000 | 00656nam a22002057c 4500 | ||
|---|---|---|---|
| 999 |
_c23554 _d23554 |
||
| 003 | AR-CdUCM | ||
| 008 | 260330b20182018 pe||||| |||| 00| 0 spa d | ||
| 020 | _a978-612-4347-26-9 | ||
| 040 |
_aMUNICIPALIDAD PROVINCIAL DEL CUSCO _cBIBLIOTECA MUNICIPAL DEL CUSCO |
||
| 041 | _hspa | ||
| 082 |
_aEP / 869.56 _bC71 |
||
| 100 |
_aColchado Lucio, Óscar _913556 |
||
| 245 | _aCholito y el terrible Wakón / | ||
| 260 |
_aSantiago de Surco-Lima : _bEditorial Panamericana Perú SAC. _c2018 |
||
| 300 |
_a85 páginas. : _c21x14 cm. |
||
| 650 |
_aWakón _952396 |
||
| 856 | _fwww.editorialpanamericana.com.pe | ||
| 942 |
_2ddc _cLIBROS |
||
| 945 |
_apbjr _d30-03-2026 |
||